Теория статистики с элементами эконометрики: учебник для академического бакалавриата

Dettagli Bibliografici
Ente Autore: Санкт-Петербургский государственный университет (СПбГУ)
Altri autori: Ковалев В. В. Валерий Викторович (редактор)
Riassunto:Настоящий учебник дает представление о логике, сущности и методах обработки и представления исходных и результатных данных, описывающих массовые явления. Авторами — ведущими специалистами Санкт-Петербургского государственного университета — раскрываются методы классического экономико-статистического анализа, применяемые в ходе наблюдения, сводки, группировки, обработки вариационных и динами­ческих рядов, оценки распределений, формирования и оценки гипотез, индексного анализа, изучения взаимосвязей и др. Отличие данного учеб­ника от традиционных учебно-методических работ по статистике в том, что в нем представлена отдельная глава, посвященная эконометрическим моделям.
Lingua:russo
Pubblicazione: Москва, Юрайт, 2014
Serie:Бакалавр. Академический курс
Soggetti:
Natura: MixedMaterials Libro
KOHA link:https://koha.lib.tpu.ru/cgi-bin/koha/opac-detail.pl?biblionumber=263645

MARC

LEADER 00000nam0a2200000 4500
001 263645
005 20231101233746.0
010 |a 9785991635462 
035 |a (RuTPU)RU\TPU\book\286633 
090 |a 263645 
100 |a 20140610d2014 m y0rusy50 ca 
101 0 |a rus 
102 |a RU 
105 |a a j 001zy 
200 1 |a Теория статистики с элементами эконометрики  |e учебник для академического бакалавриата  |f Санкт-Петербургский государственный университет (СПбГУ) ; под ред. В. В. Ковалева 
210 |a Москва  |c Юрайт  |d 2014 
215 |a 670 с.  |c ил. 
225 1 |a Бакалавр. Академический курс 
320 |a Библиогр.: с. 667-670. 
330 |a Настоящий учебник дает представление о логике, сущности и методах обработки и представления исходных и результатных данных, описывающих массовые явления. Авторами — ведущими специалистами Санкт-Петербургского государственного университета — раскрываются методы классического экономико-статистического анализа, применяемые в ходе наблюдения, сводки, группировки, обработки вариационных и динами­ческих рядов, оценки распределений, формирования и оценки гипотез, индексного анализа, изучения взаимосвязей и др. Отличие данного учеб­ника от традиционных учебно-методических работ по статистике в том, что в нем представлена отдельная глава, посвященная эконометрическим моделям. 
606 1 |a Статистика  |x Теория  |2 stltpush  |3 (RuTPU)RU\TPU\subj\37958  |9 58708 
606 1 |a Эконометрика  |2 stltpush  |3 (RuTPU)RU\TPU\subj\22155  |9 47019 
610 1 |a статистические наблюдения 
610 1 |a статистические данные 
610 1 |a статистические группировки 
610 1 |a статистическая информация 
610 1 |a статистические показатели 
610 1 |a статистические вариации 
610 1 |a статистический анализ 
610 1 |a совокупности 
610 1 |a выборочные наблюдения 
610 1 |a распределения 
610 1 |a дисперсионный анализ 
610 1 |a регрессионный анализ 
610 1 |a корреляции 
610 1 |a временные ряды 
610 1 |a экономические индексы 
610 1 |a эконометрические методы 
610 1 |a эконометрические модели 
610 1 |a учебники 
686 |a С60я73  |v LBC/SL-A  |2 rubbk 
686 |a Ув631я73я73  |v LBC/SL-A  |2 rubbk 
702 1 |a Ковалев  |b В. В.  |g Валерий Викторович  |4 340 
712 0 2 |a Санкт-Петербургский государственный университет (СПбГУ)  |c (1991- )  |2 stltpush  |3 (RuTPU)RU\TPU\col\62 
801 1 |a RU  |b 63413507  |c 20140610 
801 2 |a RU  |b 63413507  |c 20220826  |g RCR 
900 |a Теория статистики 
900 |a Эконометрика 
942 |c BK 
951 |l 8.1 
959 |a 102/20140609  |d 2  |e 579,00  |f ЧЗГЛ:1  |f АНЛ:1 
959 |a 6/20150130  |d 3  |e 499,00  |f ЧЗГЛ:1  |f УФ:2